| 000 | 01002nam a2200265Ia 4500 | ||
|---|---|---|---|
| 003 | OSt | ||
| 005 | 20221005111931.0 | ||
| 006 | a|||||r|||| 00| 0 | ||
| 007 | ta | ||
| 008 | 221004b |||||||| |||| 00| 0 san d | ||
| 020 |
_a9789380326337 (hbk) _c600 |
||
| 024 | _a120667 | ||
| 037 |
_b141, 08/11/2011, Vidyanidhi Prakashan _cTextual |
||
| 040 |
_aCRL _cCRL _bsan |
||
| 041 |
_2san _asan |
||
| 082 | _aR625x2,1:g, 152Q0 | ||
| 100 | _aसत्यमूर्त्ति | ||
| 245 | 0 | _aभासर्वज्ञ की तार्किक भूमिका | |
| 246 | _aBhāsarvagna kī tārkik bhūmikā | ||
| 260 |
_aवाराणसी _bचौखम्बा सुरभारती प्रकाशन भारत _c2010 |
||
| 300 |
_a299पृ0 _ccm. |
||
| 650 | _aभारतीय दर्शन | ||
| 942 |
_hR625x2,1:g, 152Q0 _cTEXL _2cc |
||
| 999 |
_c1023349 _d1023349 |
||